[Event "Albert Boxer mem"]
[Site "Winnipeg CAN"]
[Date "2009.05.30"]
[Round "2"]
[White "Vincent, Trevor"]
[Black "Rutter, Blair"]
[Result "1-0"]
[WhiteElo "2234"]
[BlackElo "1808"]
[PlyCount "71"]
[GameId "2160767910156582"]
[EventDate "2009.05.29"]
[EventType "swiss"]
[EventRounds "5"]
[EventCountry "CAN"]
[SourceTitle "EXT 2011"]
[Source "ChessBase"]
[SourceDate "2011.11.26"]
[SourceVersion "1"]
[SourceVersionDate "2011.11.26"]
[SourceQuality "1"]

1. c4 c5 2. g3 Nc6 3. Bg2 g6 4. Nc3 Bg7 5. Nf3 e5 6. O-O Nge7 7. d3 O-O 8. a3 d6 9. Rb1 Rb8 10. b4 b6 11. Ne1 Be6 12. Bg5 f6 13. Bd2 h6 14. Nc2 Qd7 15. Ne3 Kh7 16. Ned5 Rf7 17. e3 h5 18. b5 Nd8 19. a4 Nb7 20. f4 Rbf8 21. Nxe7 Qxe7 22. f5 gxf5 23. Qxh5+ Kg8 24. Bd5 Bh8 25. Qg6+ Rg7 26. Qxf5 Nd8 27. Kh1 Rg5 28. Qf3 Rf7 29. Bxe6 Qxe6 30. e4 Rg6 31. Qf5 Qxf5 32. exf5 Rg4 33. Ne4 Rh7 34. Kg2 Nf7 35. h3 Rgg7 36. Nxf6+ 1-0

[Event "Albert Boxer mem"]
[Site "Winnipeg CAN"]
[Date "2009.05.30"]
[Round "2"]
[White "Wasserman, Arie"]
[Black "Letain, Cory"]
[Result "1/2-1/2"]
[WhiteElo "1733"]
[BlackElo "1581"]
[PlyCount "59"]
[GameId "2160767910156583"]
[EventDate "2009.05.29"]
[EventType "swiss"]
[EventRounds "5"]
[EventCountry "CAN"]
[SourceTitle "EXT 2011"]
[Source "ChessBase"]
[SourceDate "2011.11.26"]
[SourceVersion "1"]
[SourceVersionDate "2011.11.26"]
[SourceQuality "1"]

1. e4 e5 2. Nf3 Nf6 3. Nc3 Bb4 4. a3 Bxc3 5. dxc3 Nc6 6. Bg5 O-O 7. h3 d6 8. Nh2 h6 9. Bxf6 Qxf6 10. Be2 Be6 11. O-O Qg6 12. Qd3 f5 13. Bf3 fxe4 14. Bxe4 Bf5 15. Bxf5 Qxf5 16. Rae1 Rae8 17. Qb5 Rb8 18. Re3 Qxc2 19. Rg3 Qf5 20. Ng4 Kh8 21. Ne3 Qf7 22. Qd3 Ne7 23. Qe2 Nf5 24. Rf3 Qe6 25. Nxf5 Rxf5 26. Rg3 Rf6 27. Qe3 c5 28. Re1 Rg6 29. Rf3 Rf6 30. Rg3 1/2-1/2

[Event "Albert Boxer mem"]
[Site "Winnipeg CAN"]
[Date "2009.05.30"]
[Round "2"]
[White "Wiebe, Daniel"]
[Black "Lipnowski, Samuel"]
[Result "0-1"]
[WhiteElo "1904"]
[BlackElo "2278"]
[PlyCount "27"]
[GameId "2160767910156584"]
[EventDate "2009.05.29"]
[EventType "swiss"]
[EventRounds "5"]
[EventCountry "CAN"]
[SourceTitle "EXT 2011"]
[Source "ChessBase"]
[SourceDate "2011.11.26"]
[SourceVersion "1"]
[SourceVersionDate "2011.11.26"]
[SourceQuality "1"]

1. e4 c5 2. Nf3 e6 3. d4 cxd4 4. Nxd4 a6 5. Be2 Nf6 6. Nc3 Qc7 7. Be3 Bb4 8. f3 d5 9. O-O e5 10. Nxd5 Nxd5 11. exd5 exd4 12. Qxd4 Qe7 13. a3 Bd6 14. Bf4 0-1

[Event "Albert Boxer mem"]
[Site "Winnipeg CAN"]
[Date "2009.05.30"]
[Round "3"]
[White "Gibbons, Lorne"]
[Black "Gannon, Keith"]
[Result "0-1"]
[WhiteElo "1246"]
[BlackElo "1598"]
[PlyCount "32"]
[GameId "2160767910156585"]
[EventDate "2009.05.29"]
[EventType "swiss"]
[EventRounds "5"]
[EventCountry "CAN"]
[SourceTitle "EXT 2011"]
[Source "ChessBase"]
[SourceDate "2011.11.26"]
[SourceVersion "1"]
[SourceVersionDate "2011.11.26"]
[SourceQuality "1"]

1. d4 d5 2. c4 e6 3. cxd5 exd5 4. Bf4 Nf6 5. h3 Nc6 6. Nf3 Bb4+ 7. Nbd2 Ne4 8. a3 Bxd2+ 9. Bxd2 Nxd2 10. Qxd2 O-O 11. e3 Re8 12. Rc1 a6 13. Bd3 g6 14. Qc2 Qf6 15. O-O Re7 16. g4 Qxf3 0-1

[Event "Albert Boxer mem"]
[Site "Winnipeg CAN"]
[Date "2009.05.30"]
[Round "3"]
[White "Green, Aaron"]
[Black "Araullo, Paolo"]
[Result "0-1"]
[WhiteElo "1857"]
[BlackElo "1967"]
[PlyCount "72"]
[GameId "2160767910156586"]
[EventDate "2009.05.29"]
[EventType "swiss"]
[EventRounds "5"]
[EventCountry "CAN"]
[SourceTitle "EXT 2011"]
[Source "ChessBase"]
[SourceDate "2011.11.26"]
[SourceVersion "1"]
[SourceVersionDate "2011.11.26"]
[SourceQuality "1"]

1. e4 e6 2. d4 d5 3. Nd2 dxe4 4. Nxe4 Nd7 5. Nf3 Be7 6. c3 Ngf6 7. Bd3 O-O 8. O-O b6 9. Qc2 Bb7 10. Bg5 h6 11. Bxf6 Nxf6 12. Nxf6+ Bxf6 13. Be4 Bxe4 14. Qxe4 Qe7 15. Rfe1 Rad8 16. Ne5 Bxe5 17. Qxe5 c6 18. Rad1 Rd5 19. Qe3 Rfd8 20. Rd2 c5 21. Red1 Qd7 22. f4 f6 23. a3 e5 24. fxe5 fxe5 25. b4 exd4 26. Qd3 Kh8 27. bxc5 bxc5 28. Qc4 d3 29. a4 Qe7 30. h3 Qe3+ 31. Kh1 Qg3 32. Qa2 Re5 33. Qb1 Rde8 34. Rg1 Re1 35. Rd1 d2 36. c4 Rxg1+ 0-1

[Event "Albert Boxer mem"]
[Site "Winnipeg CAN"]
[Date "2009.05.30"]
[Round "3"]
[White "Green, Jim"]
[Black "Vincent, Trevor"]
[Result "0-1"]
[WhiteElo "1769"]
[BlackElo "2234"]
[PlyCount "65"]
[GameId "2160767910156587"]
[EventDate "2009.05.29"]
[EventType "swiss"]
[EventRounds "5"]
[EventCountry "CAN"]
[SourceTitle "EXT 2011"]
[Source "ChessBase"]
[SourceDate "2011.11.26"]
[SourceVersion "1"]
[SourceVersionDate "2011.11.26"]
[SourceQuality "1"]

1. e4 c5 2. Nf3 e6 3. d3 Nc6 4. Nbd2 g6 5. g3 Bg7 6. c3 Nge7 7. Bg2 O-O 8. O-O d6 9. a4 e5 10. Nc4 h6 11. Ne1 Be6 12. Ne3 d5 13. exd5 Nxd5 14. Qe2 Qd7 15. Nf3 Rfe8 16. Rd1 Rad8 17. Nd2 Nxe3 18. Qxe3 Qxd3 19. Qxc5 Qc2 20. Re1 Rxd2 21. Bxd2 Qxd2 22. Bxc6 bxc6 23. Qxc6 Rb8 24. b4 Rd8 25. b5 Bd5 26. Qc7 Ba8 27. Qc4 Qd7 28. Qf1 Qb7 29. f3 e4 30. Rxe4 Qb6+ 31. Kg2 Bxe4 32. fxe4 Rd2+ 33. Kf3 0-1

[Event "Albert Boxer mem"]
[Site "Winnipeg CAN"]
[Date "2009.05.30"]
[Round "3"]
[White "Greenberg, Harley"]
[Black "Keer, Keer"]
[Result "1-0"]
[WhiteElo "1762"]
[BlackElo "1394"]
[PlyCount "82"]
[GameId "2160767910156588"]
[EventDate "2009.05.29"]
[EventType "swiss"]
[EventRounds "5"]
[EventCountry "CAN"]
[SourceTitle "EXT 2011"]
[Source "ChessBase"]
[SourceDate "2011.11.26"]
[SourceVersion "1"]
[SourceVersionDate "2011.11.26"]
[SourceQuality "1"]

1. e4 e5 2. Nf3 Nc6 3. Bb5 d6 4. d4 Bd7 5. O-O Be7 6. Nc3 Nf6 7. Re1 O-O 8. a3 Bg4 9. Bxc6 bxc6 10. dxe5 Bxf3 11. Qxf3 dxe5 12. Be3 Rb8 13. Red1 Qc8 14. Rab1 a6 15. Ne2 Qe6 16. Ng3 Qg4 17. Nf5 Rfe8 18. Qxg4 Nxg4 19. Nxe7+ Rxe7 20. Bc5 Re6 21. Rd7 Rc8 22. Rbd1 Ree8 23. f3 Nf6 24. Re7 h6 25. Kf2 g6 26. Rd3 Kg7 27. Ke2 Rb8 28. Rb3 Rxb3 29. cxb3 Rxe7 30. Bxe7 Nh5 31. g3 Nf6 32. Kd3 Ne8 33. Kc4 Nd6+ 34. Kc5 Nb5 35. Kxc6 Nd4+ 36. Kxc7 Nxb3 37. Kb6 a5 38. Bc5 f5 39. Be3 Kf6 40. Kb5 g5 41. exf5 Kxf5 1-0

[Event "Albert Boxer mem"]
[Site "Winnipeg CAN"]
[Date "2009.05.30"]
[Round "3"]
[White "Kaptsan, Aron"]
[Black "Pang, Michael"]
[Result "1-0"]
[WhiteElo "2080"]
[BlackElo "1514"]
[PlyCount "49"]
[GameId "2160767910156589"]
[EventDate "2009.05.29"]
[EventType "swiss"]
[EventRounds "5"]
[EventCountry "CAN"]
[SourceTitle "EXT 2011"]
[Source "ChessBase"]
[SourceDate "2011.11.26"]
[SourceVersion "1"]
[SourceVersionDate "2011.11.26"]
[SourceQuality "1"]

1. d4 d5 2. c4 c6 3. Nf3 Nf6 4. Nc3 g6 5. e3 Bg7 6. Bd3 O-O 7. O-O Nbd7 8. cxd5 Nxd5 9. e4 Nxc3 10. bxc3 c5 11. Be3 cxd4 12. cxd4 Nb6 13. h3 Be6 14. Qe2 Rc8 15. Rac1 Qd6 16. d5 Bd7 17. Bb5 Bxb5 18. Qxb5 Rxc1 19. Rxc1 Rd8 20. a4 Qd7 21. Qxd7 Rxd7 22. a5 Na4 23. Rc8+ Bf8 24. Bh6 Kh8 25. Rxf8# 1-0

[Event "Albert Boxer mem"]
[Site "Winnipeg CAN"]
[Date "2009.05.30"]
[Round "3"]
[White "Letain, Cory"]
[Black "Manicdao, Tomas"]
[Result "1-0"]
[WhiteElo "1581"]
[BlackElo "1781"]
[PlyCount "67"]
[GameId "2160767910156590"]
[EventDate "2009.05.29"]
[EventType "swiss"]
[EventRounds "5"]
[EventCountry "CAN"]
[SourceTitle "EXT 2011"]
[Source "ChessBase"]
[SourceDate "2011.11.26"]
[SourceVersion "1"]
[SourceVersionDate "2011.11.26"]
[SourceQuality "1"]

1. d4 e6 2. e4 d5 3. Nc3 Bb4 4. e5 a6 5. a3 Ba5 6. b4 Bb6 7. f4 Qh4+ 8. g3 Qe7 9. Nf3 Nc6 10. b5 Na5 11. Bd3 Nh6 12. f5 Nxf5 13. Bxf5 exf5 14. Nxd5 Qe6 15. Nxb6 Qxb6 16. bxa6 Rxa6 17. O-O O-O 18. Be3 Be6 19. Ng5 Bd5 20. Rxf5 Nc4 21. Qe2 Qb2 22. Raf1 Qxa3 23. Bc1 Qe7 24. Qg4 Rg6 25. h4 Qd8 26. h5 Ra6 27. Ne4 Be6 28. Bh6 g6 29. hxg6 hxg6 30. Nf6+ Kh8 31. Qh4 Qxd4+ 32. Qxd4 Rd6 33. exd6 Nxd6 34. Nd7+ 1-0

[Event "Albert Boxer mem"]
[Site "Winnipeg CAN"]
[Date "2009.05.30"]
[Round "3"]
[White "Lipic, Stephen"]
[Black "Boron, Anthony"]
[Result "1/2-1/2"]
[WhiteElo "1710"]
[BlackElo "2006"]
[PlyCount "69"]
[GameId "2160767910156591"]
[EventDate "2009.05.29"]
[EventType "swiss"]
[EventRounds "5"]
[EventCountry "CAN"]
[SourceTitle "EXT 2011"]
[Source "ChessBase"]
[SourceDate "2011.11.26"]
[SourceVersion "1"]
[SourceVersionDate "2011.11.26"]
[SourceQuality "1"]

1. f4 d5 2. Nf3 Nf6 3. e3 Bg4 4. d3 Bxf3 5. Qxf3 c6 6. Be2 Na6 7. c3 e6 8. O-O Be7 9. Nd2 O-O 10. Qh3 b5 11. d4 Nc7 12. Bd3 g6 13. Kh1 h5 14. Nf3 c5 15. Rg1 Ng4 16. Qg3 Kg7 17. h3 Nh6 18. Ne5 Nf5 19. Qh2 c4 20. Bc2 Bf6 21. Nf3 a5 22. a3 Qe7 23. g3 b4 24. axb4 axb4 25. Rxa8 Rxa8 26. e4 dxe4 27. Bxe4 Ra2 28. Qd2 b3 29. g4 Nd6 30. Bc6 hxg4 31. Rxg4 Nf5 32. Ne5 Qd6 33. Be4 Ra4 34. Qg2 Bxe5 35. fxe5 1/2-1/2

[Event "Albert Boxer mem"]
[Site "Winnipeg CAN"]
[Date "2009.05.30"]
[Round "3"]
[White "Lipnowski, Samuel"]
[Black "Khedkar, Jay S"]
[Result "1-0"]
[WhiteElo "2278"]
[BlackElo "1982"]
[PlyCount "55"]
[GameId "2160767910156592"]
[EventDate "2009.05.29"]
[EventType "swiss"]
[EventRounds "5"]
[EventCountry "CAN"]
[SourceTitle "EXT 2011"]
[Source "ChessBase"]
[SourceDate "2011.11.26"]
[SourceVersion "1"]
[SourceVersionDate "2011.11.26"]
[SourceQuality "1"]

1. e4 e6 2. Qe2 c5 3. Nf3 Nc6 4. c3 Qc7 5. g3 Nf6 6. Bg2 Be7 7. O-O O-O 8. d3 d6 9. Na3 Bd7 10. Bd2 Rad8 11. Rac1 Qb8 12. Nc2 Bc8 13. d4 Nd7 14. d5 Nce5 15. dxe6 Nxf3+ 16. Bxf3 fxe6 17. Bg4 Ne5 18. Bh3 Nf3+ 19. Kg2 e5 20. Bxc8 Qxc8 21. Ne1 Nxe1+ 22. Rcxe1 d5 23. exd5 Bf6 24. c4 Qf5 25. Qe4 Be7 26. Qxf5 Rxf5 27. f4 Bd6 28. g4 1-0

[Event "Albert Boxer mem"]
[Site "Winnipeg CAN"]
[Date "2009.05.30"]
[Round "3"]
[White "Rutter, Blair"]
[Black "Swift, Ryne"]
[Result "1-0"]
[WhiteElo "1808"]
[BlackElo "1681"]
[PlyCount "79"]
[GameId "2160767910156593"]
[EventDate "2009.05.29"]
[EventType "swiss"]
[EventRounds "5"]
[EventCountry "CAN"]
[SourceTitle "EXT 2011"]
[Source "ChessBase"]
[SourceDate "2011.11.26"]
[SourceVersion "1"]
[SourceVersionDate "2011.11.26"]
[SourceQuality "1"]

1. c4 c5 2. g3 Nf6 3. Bg2 Nc6 4. Nc3 d6 5. e4 e5 6. Nge2 Be7 7. O-O O-O 8. h3 Be6 9. d3 Qd7 10. Kh2 Ne8 11. Be3 Nd4 12. f4 Nxe2 13. Qxe2 f6 14. f5 Bf7 15. g4 h6 16. Rf3 Kh8 17. h4 Qd8 18. Rh1 Rg8 19. g5 fxg5 20. hxg5 Bxg5 21. Kg1 Rf8 22. Qd2 Bxe3+ 23. Qxe3 Kh7 24. Rfh3 Qf6 25. Rg3 Rg8 26. Bf3 g5 27. Bg4 Kg7 28. Bh5 Nc7 29. Nd1 Ne8 30. Nf2 Qe7 31. Bxf7 Qxf7 32. Ng4 Rh8 33. Nxh6 Qf6 34. Rxg5+ Kf8 35. Rg6 Qe7 36. Qg3 Nf6 37. Rh2 Rc8 38. Rg2 Rc7 39. Rg8+ Rxg8 40. Qxg8+ 1-0

[Event "Albert Boxer mem"]
[Site "Winnipeg CAN"]
[Date "2009.05.30"]
[Round "3"]
[White "Wasserman, Leor"]
[Black "Wiebe, Daniel"]
[Result "0-1"]
[WhiteElo "1620"]
[BlackElo "1904"]
[PlyCount "68"]
[GameId "2160767910156595"]
[EventDate "2009.05.29"]
[EventType "swiss"]
[EventRounds "5"]
[EventCountry "CAN"]
[SourceTitle "EXT 2011"]
[Source "ChessBase"]
[SourceDate "2011.11.26"]
[SourceVersion "1"]
[SourceVersionDate "2011.11.26"]
[SourceQuality "1"]

1. e4 c5 2. Nf3 d6 3. c3 Nc6 4. Bd3 Bg4 5. Bc2 Ne5 6. Ba4+ Nc6 7. d4 cxd4 8. cxd4 Bd7 9. Nc3 e6 10. O-O Be7 11. Bf4 a6 12. Qd2 b5 13. Bb3 Qb6 14. Be3 Qc7 15. d5 Na5 16. Qc2 e5 17. Rac1 Nf6 18. Qb1 Qb7 19. Nd2 O-O 20. Bg5 h6 21. Bh4 Bc8 22. f3 Nh5 23. Bxe7 Qxe7 24. Ne2 Qa7+ 25. Kh1 Qe3 26. Qc2 f5 27. Rfe1 Qg5 28. a4 Nxb3 29. Nxb3 fxe4 30. fxe4 Rf2 31. Rg1 Nf4 32. Rce1 Rxg2 33. Qd1 Rxh2+ 34. Kxh2 Qh4# 0-1

[Event "Albert Boxer mem"]
[Site "Winnipeg CAN"]
[Date "2009.05.31"]
[Round "4"]
[White "Araullo, Paolo"]
[Black "Kaptsan, Aron"]
[Result "1-0"]
[WhiteElo "1967"]
[BlackElo "2080"]
[PlyCount "117"]
[GameId "2160767910156596"]
[EventDate "2009.05.29"]
[EventType "swiss"]
[EventRounds "5"]
[EventCountry "CAN"]
[SourceTitle "EXT 2011"]
[Source "ChessBase"]
[SourceDate "2011.11.26"]
[SourceVersion "1"]
[SourceVersionDate "2011.11.26"]
[SourceQuality "1"]

1. e4 e5 2. Nf3 Nc6 3. Bc4 Nf6 4. d3 Be7 5. O-O O-O 6. Be3 d6 7. Nbd2 Na5 8. c3 Nxc4 9. Nxc4 Ng4 10. Bd2 f5 11. h3 fxe4 12. dxe4 Nf6 13. Qc2 Nh5 14. Qd3 Be6 15. Rad1 Nf4 16. Bxf4 Rxf4 17. Rfe1 Qe8 18. Re3 Qh5 19. Kh2 Raf8 20. Ncd2 R8f6 21. Rf1 g5 22. Nxg5 Qxg5 23. Rg3 Bg4 24. f3 h5 25. fxg4 hxg4 26. Rxf4 Rxf4 27. Qd5+ Kf8 28. Qxb7 Qh6 29. Nc4 gxh3 30. Qc8+ Kf7 31. Qg8+ Kf6 32. Rxh3 Rh4 33. Qg3 Rxh3+ 34. gxh3 Kf7 35. Ne3 Bg5 36. Ng2 Ke7 37. h4 Bc1 38. b3 Qd2 39. a4 Qc2 40. Qg7+ Kd8 41. Qf8+ Kd7 42. Qf7+ Kc8 43. Qc4 Qf2 44. Qd3 Kd7 45. Kh3 Qg1 46. Qf3 Ke7 47. h5 Bh6 48. Kg4 Qc1 49. Nh4 Qg1+ 50. Kh3 Qg5 51. Nf5+ Ke6 52. Qg4 Kf6 53. Nxh6 Qxh6 54. Qf5+ Kg7 55. Kg4 Kh8 56. Qc8+ Kh7 57. Qxc7+ Kh8 58. Qd8+ Kh7 59. Qg5 1-0

[Event "Albert Boxer mem"]
[Site "Winnipeg CAN"]
[Date "2009.05.31"]
[Round "4"]
[White "Boron, Anthony"]
[Black "Letain, Cory"]
[Result "1-0"]
[WhiteElo "2006"]
[BlackElo "1581"]
[PlyCount "43"]
[GameId "2160767910156597"]
[EventDate "2009.05.29"]
[EventType "swiss"]
[EventRounds "5"]
[EventCountry "CAN"]
[SourceTitle "EXT 2011"]
[Source "ChessBase"]
[SourceDate "2011.11.26"]
[SourceVersion "1"]
[SourceVersionDate "2011.11.26"]
[SourceQuality "1"]

1. e4 e5 2. Nf3 Nf6 3. Nxe5 d6 4. Nxf7 Kxf7 5. d4 Be7 6. Bc4+ Be6 7. Bxe6+ Kxe6 8. Nc3 Kf7 9. O-O Rf8 10. Qe2 Kg8 11. Be3 Nc6 12. Rad1 Qe8 13. f4 Qg6 14. e5 Ne4 15. Nb5 Rfc8 16. d5 Nd8 17. f5 Qe8 18. Nxa7 Rxa7 19. Bxa7 Qa4 20. Bd4 Nc5 21. f6 Bf8 22. e6 1-0

[Event "Albert Boxer mem"]
[Site "Winnipeg CAN"]
[Date "2009.05.31"]
[Round "4"]
[White "Gannon, Keith"]
[Black "Greenberg, Harley"]
[Result "0-1"]
[WhiteElo "1598"]
[BlackElo "1762"]
[PlyCount "62"]
[GameId "2160767910156598"]
[EventDate "2009.05.29"]
[EventType "swiss"]
[EventRounds "5"]
[EventCountry "CAN"]
[SourceTitle "EXT 2011"]
[Source "ChessBase"]
[SourceDate "2011.11.26"]
[SourceVersion "1"]
[SourceVersionDate "2011.11.26"]
[SourceQuality "1"]

1. e4 c5 2. Nf3 Nc6 3. d4 cxd4 4. Nxd4 e5 5. Nf3 Nf6 6. Bd3 Bc5 7. O-O O-O 8. Nc3 h6 9. a3 a6 10. Bd2 d6 11. h3 Be6 12. Re1 Rc8 13. Be3 Nd4 14. Bxd4 exd4 15. Ne2 Nd7 16. Nexd4 Qf6 17. c3 Ne5 18. Nxe5 dxe5 19. Nf3 g5 20. Qe2 g4 21. hxg4 Bxg4 22. b4 Ba7 23. c4 Bd4 24. Rab1 Kh8 25. Rb3 Rg8 26. Bb1 Bh3 27. Nxe5 Rxg2+ 28. Kh1 Rxf2 29. Qh5 Rf1+ 30. Kh2 Rxe1 31. Qxh3 Bg1+ 0-1

[Event "Albert Boxer mem"]
[Site "Winnipeg CAN"]
[Date "2009.05.31"]
[Round "4"]
[White "Green, Jim"]
[Black "Wiebe, Daniel"]
[Result "0-1"]
[WhiteElo "1769"]
[BlackElo "1904"]
[PlyCount "53"]
[GameId "2160767910156599"]
[EventDate "2009.05.29"]
[EventType "swiss"]
[EventRounds "5"]
[EventCountry "CAN"]
[SourceTitle "EXT 2011"]
[Source "ChessBase"]
[SourceDate "2011.11.26"]
[SourceVersion "1"]
[SourceVersionDate "2011.11.26"]
[SourceQuality "1"]

1. e4 e5 2. Nf3 Nc6 3. d4 exd4 4. Nxd4 Bc5 5. Nxc6 bxc6 6. Bc4 Qe7 7. O-O Nf6 8. e5 Ne4 9. Qf3 Nxf2 10. Rxf2 Bxf2+ 11. Qxf2 O-O 12. Nc3 Qxe5 13. Bf4 Qe7 14. Be3 d6 15. Re1 Be6 16. Bd3 Qd7 17. b3 f5 18. Qg3 Rf6 19. Be2 Raf8 20. Qf4 Qe7 21. Bf2 Rh6 22. b4 g5 23. Qf3 Qd7 24. b5 c5 25. a4 f4 26. Qe4 Qe7 27. Rd1 0-1

[Event "Albert Boxer mem"]
[Site "Winnipeg CAN"]
[Date "2009.05.31"]
[Round "4"]
[White "Keer, Keer"]
[Black "Gibbons, Lorne"]
[Result "1-0"]
[WhiteElo "1394"]
[BlackElo "1246"]
[PlyCount "22"]
[GameId "2160767910156600"]
[EventDate "2009.05.29"]
[EventType "swiss"]
[EventRounds "5"]
[EventCountry "CAN"]
[SourceTitle "EXT 2011"]
[Source "ChessBase"]
[SourceDate "2011.11.26"]
[SourceVersion "1"]
[SourceVersionDate "2011.11.26"]
[SourceQuality "1"]

1. c4 d6 2. d3 e5 3. e3 Nc6 4. g3 b6 5. Bg2 Bb7 6. Nf3 Nf6 7. O-O h6 8. Nc3 Be7 9. d4 exd4 10. Nxd4 Nxd4 11. exd4 c5 1-0

[Event "Albert Boxer mem"]
[Site "Winnipeg CAN"]
[Date "2009.05.31"]
[Round "4"]
[White "Khedkar, Jay S"]
[Black "Rutter, Blair"]
[Result "1-0"]
[WhiteElo "1982"]
[BlackElo "1808"]
[PlyCount "41"]
[GameId "2160767910156601"]
[EventDate "2009.05.29"]
[EventType "swiss"]
[EventRounds "5"]
[EventCountry "CAN"]
[SourceTitle "EXT 2011"]
[Source "ChessBase"]
[SourceDate "2011.11.26"]
[SourceVersion "1"]
[SourceVersionDate "2011.11.26"]
[SourceQuality "1"]

1. e4 d6 2. d4 Nd7 3. Nf3 g6 4. Bc4 Bg7 5. Bxf7+ Kf8 6. e5 Nb6 7. e6 c6 8. O-O Nf6 9. Qe2 Nbd5 10. c4 Nc7 11. Nc3 b5 12. d5 b4 13. Nd4 Na6 14. Nxc6 Qc7 15. Nb5 Qb7 16. Bf4 Nh5 17. Bxd6 Bf6 18. Be5 Kg7 19. g4 Bxe5 20. Qxe5+ Nf6 21. g5 1-0

[Event "Albert Boxer mem"]
[Site "Winnipeg CAN"]
[Date "2009.05.31"]
[Round "4"]
[White "Manicdao, Tomas"]
[Black "Wasserman, Leor"]
[Result "0-1"]
[WhiteElo "1781"]
[BlackElo "1620"]
[PlyCount "72"]
[GameId "2160767910156602"]
[EventDate "2009.05.29"]
[EventType "swiss"]
[EventRounds "5"]
[EventCountry "CAN"]
[SourceTitle "EXT 2011"]
[Source "ChessBase"]
[SourceDate "2011.11.26"]
[SourceVersion "1"]
[SourceVersionDate "2011.11.26"]
[SourceQuality "1"]

1. f4 e6 2. Nf3 Nf6 3. e3 Nc6 4. d4 d5 5. c3 Be7 6. Bd3 Ne4 7. O-O O-O 8. Qc2 f5 9. Nbd2 Qe8 10. Bb5 Bd7 11. Bd3 Qh5 12. Qd1 Qf7 13. a3 h6 14. Qc2 g5 15. fxg5 hxg5 16. c4 Kg7 17. b4 Bf6 18. Bb2 Qh5 19. Bxe4 dxe4 20. Ne1 Rh8 21. h3 g4 22. b5 gxh3 23. Nxe4 fxe4 24. bxc6 bxc6 25. Qxe4 Qe2 26. Rf2 h2+ 27. Kh1 Qxf2 28. Nd3 Qf5 29. Nc5 Qxe4 30. Nxe4 Rab8 31. Bc3 Be7 32. d5+ Kf7 33. Bxh8 Rxh8 34. dxe6+ Bxe6 35. Nd2 Bd6 36. a4 Rb8 0-1

[Event "Albert Boxer mem"]
[Site "Winnipeg CAN"]
[Date "2009.05.31"]
[Round "4"]
[White "Ott, Richard"]
[Black "Wasserman, Arie"]
[Result "1-0"]
[WhiteElo "1466"]
[BlackElo "1733"]
[PlyCount "77"]
[GameId "2160767910156603"]
[EventDate "2009.05.29"]
[EventType "swiss"]
[EventRounds "5"]
[EventCountry "CAN"]
[SourceTitle "EXT 2011"]
[Source "ChessBase"]
[SourceDate "2011.11.26"]
[SourceVersion "1"]
[SourceVersionDate "2011.11.26"]
[SourceQuality "1"]

1. d4 d5 2. c4 Nf6 3. Nc3 Bf5 4. cxd5 Nxd5 5. g3 Nc6 6. a3 Nxc3 7. bxc3 Qd5 8. f3 Qc4 9. Bd2 Qd5 10. Bg2 Qc4 11. e4 Bg6 12. Ne2 e6 13. O-O Be7 14. Re1 e5 15. d5 Bc5+ 16. Kh1 Ne7 17. Nc1 Bb6 18. Bf1 Qc5 19. Bh3 Ba5 20. Nd3 Qd6 21. Qa4+ c6 22. Qxa5 cxd5 23. Nxe5 Qxe5 24. Qb5+ Kf8 25. Qxb7 Rb8 26. Qxa7 dxe4 27. Bf4 exf3 28. Qxb8+ Qxb8 29. Bxb8 Ke8 30. Bd6 Kd8 31. Bxe7+ Kc7 32. Kg1 Rb8 33. Bb4 Bd3 34. Re7+ Kc6 35. Rd1 Be2 36. Rd6+ Kb5 37. Bd7+ Kc4 38. Ba4 Rc8 39. Re4# 1-0

[Event "Albert Boxer mem"]
[Site "Winnipeg CAN"]
[Date "2009.05.31"]
[Round "4"]
[White "Pang, Michael"]
[Black "Green, Aaron"]
[Result "1/2-1/2"]
[WhiteElo "1514"]
[BlackElo "1857"]
[PlyCount "64"]
[GameId "2160767910156604"]
[EventDate "2009.05.29"]
[EventType "swiss"]
[EventRounds "5"]
[EventCountry "CAN"]
[SourceTitle "EXT 2011"]
[Source "ChessBase"]
[SourceDate "2011.11.26"]
[SourceVersion "1"]
[SourceVersionDate "2011.11.26"]
[SourceQuality "1"]

1. e4 c5 2. Nf3 d6 3. d4 cxd4 4. Nxd4 Nf6 5. Nc3 g6 6. Be3 Bg7 7. Qd2 Ng4 8. O-O-O Nxe3 9. Qxe3 Nc6 10. Bb5 Bd7 11. Nxc6 Bxc6 12. Bxc6+ bxc6 13. f4 Qb6 14. Rhe1 Rb8 15. Qxb6 axb6 16. e5 d5 17. g3 O-O 18. Ne2 Rfc8 19. Nd4 e6 20. Re3 Rc7 21. Ra3 Bf8 22. Rc3 Rbc8 23. Rdd3 Bc5 24. a3 Kf8 25. b4 Bxd4 26. Rxd4 Ke7 27. Kb2 b5 28. Rc5 Ra8 29. Rd3 Rcc8 30. Rdc3 Kd7 31. Rd3 Kc7 32. g4 Kb6 1/2-1/2

[Event "Albert Boxer mem"]
[Site "Winnipeg CAN"]
[Date "2009.05.31"]
[Round "4"]
[White "Swift, Ryne"]
[Black "Lipic, Stephen"]
[Result "1-0"]
[WhiteElo "1681"]
[BlackElo "1710"]
[PlyCount "32"]
[GameId "2160767910156605"]
[EventDate "2009.05.29"]
[EventType "swiss"]
[EventRounds "5"]
[EventCountry "CAN"]
[SourceTitle "EXT 2011"]
[Source "ChessBase"]
[SourceDate "2011.11.26"]
[SourceVersion "1"]
[SourceVersionDate "2011.11.26"]
[SourceQuality "1"]

1. e4 c6 2. d4 Na6 3. Bxa6 Qa5+ 4. Nc3 Qxa6 5. Be3 g6 6. Qe2 b6 7. Qxa6 Bxa6 8. O-O-O Bg7 9. Nf3 Nf6 10. h3 d6 11. Rhe1 c5 12. e5 dxe5 13. dxe5 Nd7 14. Nd5 O-O-O 15. Nxe7+ Kb7 16. Bf4 Nf8 1-0